| 000 | 00560nam a22001937a 4500 | ||
|---|---|---|---|
| 003 | NUST - PNEC | ||
| 005 | 20170116180806.0 | ||
| 008 | 150422b xxu||||| |||| 00| 0 eng d | ||
| 020 | _a0521682142 | ||
| 040 | _cLIBRARY | ||
| 082 | _a418.007 JAK | ||
| 100 |
_93017 _a jakeman vanessa |
||
| 245 |
_aCambridge Practice Tests for IELTS 1 Self-Study Edition _c vanessa jakeman |
||
| 250 | _a- | ||
| 260 |
_aUK : _bCambridge, _cc 1996. |
||
| 300 | _a156 p . : | ||
| 650 |
_93018 _aNEW Cambridge Practice Tests for IELTS 1 Self-Study _xGernal. |
||
| 942 |
_2ddc _cBK |
||
| 999 |
_c63208 _d63208 |
||